| 000 | 01377 a2200217 4500 | ||
|---|---|---|---|
| 001 | 61813 | ||
| 005 | 20260407155909.0 | ||
| 008 | 260407a1989 arg spa d | ||
| 003 | AR-UNSa-BCEJYS | ||
| 040 |
_aAR-UNSa-BCEJYS _bspa _cAR-UNSa-BCEJYS |
||
| 080 |
_a347.772 _xMarcas comerciales: registro, control |
||
| 245 | 1 | 0 | _aTratado del nombre social |
| 020 | _a978-950-569-025-1 | ||
| 264 | 1 |
_aBuenos Aires : _bAbaco _c1989 |
|
| 300 |
_a461 p. _c23 cm. |
||
| 505 | _a1. Historia del nombre y la marca – 2. Evolución legislativa – 3. Naturaleza jurídica del nombre civil – 4. Naturaleza jurídica del nombre comercial – 5. Naturaleza jurídica del nombre social – 6. El nombre social y otras personas jurídicas. Naturaleza jurídica – 7. El seudónimo – 8. La enseña – 9. Adquisición del nombre – 10. Cese, pérdida y extinción del nombre – 11. Protección del nombre – 12. Conflictos del nombre – 13. La firma – 14. El nombre en las sociedades comerciales – 15. El nombre social en las sociedades cooperativas, sociedades civiles, asociaciones, diversos entes y otros supuestos – 16. Transferencia del nombre – 17. La prescripción – 18. Usurpación del nombre – 19. Competencia – 20. Recurso extraordinario – | ||
| 041 | _aspa | ||
| 942 | _cBK | ||
| 590 | _aniveau_biblio:m niveau_hierar:0 | ||
| 100 | 1 | _aCornejo Costas, Emilio | |
| 999 |
_c7417 _d7417 |
||